Web technology / (Record no. 42497)
[ view plain ]
| 000 -LEADER | |
|---|---|
| fixed length control field | 00783nam a22002177a 4500 |
| 005 - DATE AND TIME OF LATEST TRANSACTION | |
| control field | 20100818161812.0 |
| 010 ## - LCCN (DPL NO) | |
| LC control number | ENG-100845 |
| 020 ## - INTERNATIONAL STANDARD BOOK NUMBER | |
| International Standard Book Number | 8190749137 |
| Terms of availability | 50.00 |
| 020 ## - INTERNATIONAL STANDARD BOOK NUMBER | |
| International Standard Book Number | 9788190749138 |
| Terms of availability | 50.00 |
| 035 ## - SYSTEM CONTROL NUMBER | |
| System control number | EN-84378 |
| 037 ## - SOURCE OF ACQUISITION | |
| Source of stock number/acquisition | DBAD/PUB |
| 082 ## - DEWEY DECIMAL CLASSIFICATION NUMBER | |
| Classification number | 005.754 |
| 100 ## - MAIN ENTRY--PERSONAL NAME | |
| Personal name | Manikandan, A. |
| 245 ## - TITLE STATEMENT | |
| Title | Web technology / |
| Statement of responsibility, etc | by A. Manikandan |
| 260 ## - PUBLICATION, DISTRIBUTION, ETC. (IMPRINT) | |
| Place of publication, distribution, etc | Kaveripattinam |
| Name of publisher, distributor, etc | Bharthi & Bharthi Publishers |
| Date of publication, distribution, etc | 2008 |
| 270 ## - ADDRESS | |
| Address | 1/300, Second Cross, TNHB, Krishnagiri Dt. |
| City | Kaveripattinam |
| Postal code | 635112 |
| 300 ## - PHYSICAL DESCRIPTION | |
| Extent | 74p. |
| Dimensions | 21cm (pbk) |
| 500 ## - GENERAL NOTE | |
| General note | Includes bibliographical references |
| 942 ## - ADDED ENTRY ELEMENTS (KOHA) | |
| Source of classification or shelving scheme | Dewey Decimal Classification |
| Item type | English Books |
| Classification part | 005.754 |
| Call number suffix | MAN |
| Withdrawn status | Lost status | Not for loan | Collection code | Home library | Current library | Date acquired | Source of acquisition | Cost, normal purchase price | Full call number | Barcode | Copy number | Cost, replacement price | Koha item type |
|---|---|---|---|---|---|---|---|---|---|---|---|---|---|
| Not For Loan | Non-fiction | D.B.Act.Division | D.B.Act.Division | 18/08/2010 | DBAD/PUB | 50.00 | 005.754 MAN | EN-84378 | 1 | 50.00 | English Books |
